000 00550nam a2200193Ia 4500
005 20250326145158.0
008 250326s9999 xx 000 0 und d
037 _aTextbook
040 _aFMSL
_beng
_cFMSL
041 _aeng
_2eng
084 _aT:3obX:74 P1
_qFMSL
100 _aWatkins J M
_9750791
245 0 _aAppreciative inquiry
_cWatkins J M; Mohr B J
260 _aSan
_bSan, Fransico Jossey-Bass
_c2001
365 _b1715.3399999999999
650 _aManagement
942 _cTB
_hT:3obX:74 P1
999 _c1306656
_d1306656